000 00842nas a2200265 4500
001 BR0806791
003 BR-BrBNA
005 20231205112158.0
007 ta
008 230509b bl.|||p| |||| 00| 00por d
040 _aBR-BrBNA
_bpor
_cBiblioteca Nacional de Agricultura
041 _a(Pt)
072 _aF04; F01
100 1 _aFernandes, F.C.S.
100 1 _aLibardi, P.L.
100 1 _aTrivelin, P.C.O.
245 1 _aEficiência do parcelamento da adubação nitrogenada na cultura do milho e utilização do N residual pela sucessão aveia preta-milho
650 _aPLANTIO DIRETO
650 _aADUBAÇÃO
650 _aMILHO
650 _aNITROGÊNIO
773 0 _tCiência Rural (Brazil)
_xISSN 0103-8478
_g(Jul 2008), v. 38(4) p. 1138-1141
_wBR0806791
909 _a202311
_bLúcia
_c55
_dLúcia Elande
942 _2AGRIS
_n0
_cANA
999 _c196546
_d196546